00347nam a2200109Ia 4500008004100000082000800041100002100049245004700070942000600117952009900123999001500222240331s9999 xx 000 0 und d bTHI aThiruchandran, S 0aPennilai vathamum kodpaddu Muranpaddukalum cL 001040708LaWERCLbWERCLcSSCd2024-03-31l0o 305.401 THIp1864r2024-03-31w2024-03-31yL c1784d1784